| 000 | 00548nam a2200181Ia 4500 | ||
|---|---|---|---|
| 008 | 090630s9999 xx 000 0 und d | ||
| 082 | _b22013 | ||
| 100 | _aजोशी चि. वि. | ||
| 245 |
_aपाल्हाळ. _cजोशी चि. वि. |
||
| 260 |
_bकॉन्टीनेंटल. _c1999 |
||
| 300 | _a125 | ||
| 600 | _aजोशी चि. वि. | ||
| 630 | _aपाल्हाळ. | ||
| 655 | _aलघुकथा. | ||
| 700 | _aजोशी चि. वि. | ||
| 730 | _aपाल्हाळ. | ||
| 942 | _cBOOK | ||
| 999 |
_c273869 _d273869 |
||